000 00435nam a2200181Ia 4500
001 2707
005 20260306144827.0
008 260306t2011||||xx |||||||||||||| ||spa||
041 _aESP
082 _a213.2
_bL512
100 _aLadaria, Luis F.
_eAUT
245 0 _aIntroducción a la antropología teológica
260 _c2011
300 _a192 páginas :
_c23 cm.
650 _aGEN
654 _aCHU
942 _cLIB
_dJUS
_fJUS
_2ddc
_n
999 _c2707
_d2707